Conjoined Letters II Quiz Stats

 Plays Quiz Updated Dec 3, 2017

Also try: Conjoined Letters
Challenge
Share
Tweet
Score 0/56 Timer 02:00
3 Plays Today
Hint Answer % Correct
i & v
89.9%
j & z
89.9%
g & r
89.9%
D & Z
89.9%
r & u
89.8%
g & u
89.8%
E & Z
89.8%
U & V
89.8%
H & U
89.8%
F & N
89.8%
h & t
89.7%
N & Z
89.7%
H & T
89.7%
C & Z
89.7%
m & u
89.6%
N & S
89.6%
K & V
89.6%
L & O
89.6%
m & p
89.6%
B & J
89.6%
I & X
89.6%
K & N
89.6%
E & T
89.6%
J & U
89.6%
L & Y
89.6%
t & z
89.5%
o & z
89.5%
H & K
89.5%
Hint Answer % Correct
h & m
89.5%
j & r
89.5%
P & V
89.5%
F & G
89.5%
k & u
89.5%
R & T
89.5%
d & h
89.5%
b & d
89.5%
R & S
89.5%
N & X
89.4%
K & M
89.4%
L & T
89.4%
R & U
89.4%
n & u
89.4%
G & R
89.4%
J & W
89.4%
O & T
89.4%
J & O
89.3%
i & p
89.3%
G & L
89.3%
S & V
89.2%
P & T
89.1%
a & l
89%
h & q
87.2%
c & m
87.2%
b & j
86.9%
c & i
86.4%
M & W
85.9%

You're not logged in!

Compare scores with friends on all Sporcle quizzes.
OR
Log In

You Might Also Like...

Show Comments

Extras

Top Quizzes Today


Score Distribution

Your Account Isn't Verified!

In order to create a playlist on Sporcle, you need to verify the email address you used during registration. Go to your Sporcle Settings to finish the process.

Report this User

Report this user for behavior that violates our Community Guidelines.

Details: